[Event "Florianopolis op 6th"]
[Site "Florianopolis"]
[Date "2020.01.23"]
[Round "6"]
[White "Constantino, Pedro Henrique"]
[Black "Cifuentes Goncalves, Luiz Osvaldo"]
[Result "1/2-1/2"]
[WhiteElo "1432"]
[BlackElo "1801"]
[PlyCount "75"]
[EventDate "2020.01.20"]
[EventType "swiss"]
[EventRounds "10"]
[EventCountry "BRA"]
[SourceTitle "CBM 194 Extra"]
[Source "ChessBase"]
[SourceDate "2020.03.31"]
[SourceVersion "1"]
[SourceVersionDate "2020.03.31"]
[SourceQuality "1"]

1. e4 c5 2. c3 g6 3. d4 cxd4 4. cxd4 Bg7 5. Nf3 d6 6. Bc4 Nf6 7. Nc3 0-0 8. h3 Qc7 9. Bb3 a6 10. 0-0 Nc6 11. Be3 b5 12. Rc1 Qb7 13. a3 Bd7 14. Qd2 Na5 15. Ba2 Rac8 16. Nd5 Nc6 17. Nxf6+ Bxf6 18. Rc2 Rc7 19. Rfc1 Rfc8 20. Bg5 Nd8 21. Bxf6 exf6 22. Bd5 Qb6 23. Rxc7 Rxc7 24. Rxc7 Qxc7 25. Qf4 Kg7 26. h4 h5 27. e5 dxe5 28. dxe5 fxe5 29. Nxe5 Be6 30. Nxg6 Qc5 31. Bxe6 Nxe6 32. Qe4 Qc1+ 33. Kh2 Qxb2 34. Nf4 Nxf4 35. Qxf4 f6 36. Qc7+ Kg6 37. Qg3+ Kh7 38. Qc7+ 1/2-1/2

[Event "Guarapari op"]
[Site "Guarapari"]
[Date "2019.11.17"]
[Round "6"]
[White "Cifuentes Goncalves, Luiz Osvaldo"]
[Black "Rangel, Daniel"]
[Result "0-1"]
[WhiteElo "1766"]
[BlackElo "2238"]
[PlyCount "36"]
[EventDate "2019.11.15"]
[EventType "swiss"]
[EventRounds "6"]
[EventCountry "BRA"]
[SourceTitle "CBM 193 Extra"]
[Source "ChessBase"]
[SourceDate "2020.01.31"]
[SourceVersion "1"]
[SourceVersionDate "2020.01.31"]
[SourceQuality "1"]

1. e4 c5 2. Nf3 g6 3. d4 cxd4 4. Qxd4 Nf6 5. e5 Nc6 6. Qa4 Nd5 7. Qe4 Ndb4 8. Bc4 d5 9. exd6 Bf5 10. Qf4 Nxc2+ 11. Kf1 Qxd6 12. Qxd6 exd6 13. Ng5 Ne5 14. Bb5+ Nc6 15. Bc4 Nxa1 16. Nxf7 Ne5 17. Nxe5 dxe5 18. Nc3 Nc2 0-1

[Event "Guarapari op"]
[Site "Guarapari"]
[Date "2019.11.16"]
[Round "4"]
[White "Cifuentes Goncalves, Luiz Osvaldo"]
[Black "Delgado Ramirez, Neuris"]
[Result "0-1"]
[WhiteElo "1766"]
[BlackElo "2619"]
[PlyCount "60"]
[EventDate "2019.11.15"]
[EventType "swiss"]
[EventRounds "6"]
[EventCountry "BRA"]
[SourceTitle "CBM 193 Extra"]
[Source "ChessBase"]
[SourceDate "2020.01.31"]
[SourceVersion "1"]
[SourceVersionDate "2020.01.31"]
[SourceQuality "1"]

1. Nf3 Nf6 2. g3 d5 3. Bg2 c6 4. b3 Bg4 5. Bb2 Nbd7 6. 0-0 Bxf3 7. exf3 e6 8. Re1 Bd6 9. f4 0-0 10. d3 Bb4 11. Nd2 Qa5 12. Re2 Bc3 13. Bxc3 Qxc3 14. Nf3 d4 15. Qe1 Qc5 16. Rc1 Nd5 17. Ne5 N7f6 18. a4 Nc3 19. Rd2 Rad8 20. Bf3 Nfd5 21. Nc4 b5 22. axb5 cxb5 23. Nb2 Qa3 24. Nc4 bxc4 25. dxc4 Nb4 26. Ra1 Qb2 27. Rxa7 Nxc2 28. Qf1 d3 29. h4 Qxb3 30. Rxd3 Ne1 0-1

[Event "Niteroi op 1st"]
[Site "Niteroi"]
[Date "2019.09.08"]
[Round "7"]
[White "De Oliveira, Francemir Barra"]
[Black "Cifuentes Goncalves, Luiz Osvaldo"]
[Result "0-1"]
[WhiteElo "1631"]
[BlackElo "1810"]
[PlyCount "94"]
[EventDate "2019.09.04"]
[EventType "swiss"]
[EventRounds "7"]
[EventCountry "BRA"]
[SourceTitle "EXT 2020"]
[Source "ChessBase"]
[SourceDate "2019.10.17"]
[SourceVersion "1"]
[SourceVersionDate "2019.10.17"]
[SourceQuality "1"]

1. e4 c5 2. Nf3 d6 3. d4 cxd4 4. Nxd4 Nf6 5. Nc3 a6 6. a4 e5 7. Nb3 Be6 8. Bg5 h6 9. Bh4 g5 10. Bg3 Nc6 11. Be2 Rc8 12. h4 Rg8 13. h5 Bxb3 14. cxb3 Nd4 15. Bc4 Qa5 16. 0-0 Be7 17. Re1 Qb4 18. Re3 Kf8 19. Rd3 Qc5 20. a5 Kg7 21. Kh1 Nc6 22. Rf3 Rgf8 23. Kh2 Nxa5 24. Nd5 Nxd5 25. Bxd5 Qb6 26. Rf5 Nc6 27. Qg4 f6 28. f4 exf4 29. Bxf4 Ne5 30. Bxe5 dxe5 31. Raf1 Rc2 32. R5f3 Qb5 33. Qe6 Qe8 34. Kg3 Bd8 35. Qd6 Qxh5 36. Qd7+ Kh8 37. Qg4 Rxg2+ 38. Kxg2 Qxg4+ 39. Kf2 Bb6+ 40. Ke2 Qg2+ 41. Kd1 Rc8 42. Bc4 Ba5 43. R1f2 Qg1+ 44. Bf1 Bb6 45. Rd2 Qg4 46. Be2 Qxe4 47. Rfd3 Qh1+ 0-1

[Event "Niteroi op 1st"]
[Site "Niteroi"]
[Date "2019.09.04"]
[Round "1"]
[White "Limp, Eduardo Thelio"]
[Black "Cifuentes Goncalves, Luiz Osvaldo"]
[Result "1-0"]
[WhiteElo "2373"]
[BlackElo "1810"]
[PlyCount "69"]
[EventDate "2019.09.04"]
[EventType "swiss"]
[EventRounds "7"]
[EventCountry "BRA"]
[SourceTitle "EXT 2020"]
[Source "ChessBase"]
[SourceDate "2019.10.17"]
[SourceVersion "1"]
[SourceVersionDate "2019.10.17"]
[SourceQuality "1"]

1. d4 d5 2. c4 e6 3. Nf3 Nf6 4. Nc3 Be7 5. Bf4 0-0 6. e3 c6 7. Qc2 Nbd7 8. Bd3 dxc4 9. Bxc4 Nd5 10. Bg3 f5 11. 0-0 N7f6 12. Be5 Qe8 13. Ne2 h6 14. Nf4 g5 15. Bxf6 Bxf6 16. Nd3 Bg7 17. Nfe5 a5 18. a3 Qh5 19. b4 axb4 20. axb4 Rxa1 21. Rxa1 Bxe5 22. dxe5 Qh4 23. Bxd5 exd5 24. f4 g4 25. g3 Qe7 26. Qc5 Qd8 27. Ra8 Re8 28. Qd6 Kg7 29. Nc5 Qb6 30. Qf6+ Kg8 31. Qg6+ Kf8 32. Qxh6+ Kg8 33. Qg6+ Kf8 34. Qh6+ Ke7 35. Qf6# 1-0

[Event "Florianopolis op 5th"]
[Site "Florianopolis"]
[Date "2019.01.25"]
[Round "7"]
[White "Cifuentes Goncalves, Luiz Osvaldo"]
[Black "Lage, Pedro Ferreira"]
[Result "1/2-1/2"]
[WhiteElo "1788"]
[BlackElo "1986"]
[PlyCount "43"]
[EventDate "2019.01.21"]
[EventType "swiss"]
[EventRounds "10"]
[EventCountry "BRA"]
[SourceTitle "CBM 188 Extra"]
[Source "ChessBase"]
[SourceDate "2019.02.26"]
[SourceVersion "1"]
[SourceVersionDate "2019.02.26"]
[SourceQuality "1"]

1. e4 e6 2. d4 d5 3. Nc3 Bb4 4. e5 c5 5. a3 Bxc3+ 6. bxc3 Qc7 7. Qg4 f5 8. Qh5+ g6 9. Qh4 cxd4 10. Qxd4 Nc6 11. Bb5 Bd7 12. Bxc6 Bxc6 13. a4 Rc8 14. Bd2 Ne7 15. f4 b6 16. Nf3 Bd7 17. 0-0 Qc5 18. Kh1 Qxd4 19. cxd4 Nc6 20. Ng5 Ke7 21. Bc1 Kf8 22. Ba3+ 1/2-1/2

[Event "Rio de Janeiro Duchamp op 2nd"]
[Site "Rio de Janeiro"]
[Date "2018.11.17"]
[Round "5"]
[White "Souza, Neurismar da Rocha"]
[Black "Cifuentes Goncalves, Luiz Osvaldo"]
[Result "0-1"]
[WhiteElo "1551"]
[BlackElo "1813"]
[PlyCount "74"]
[EventDate "2018.11.14"]
[EventType "swiss"]
[EventRounds "9"]
[EventCountry "BRA"]
[SourceTitle "CBM 187 Extra"]
[Source "ChessBase"]
[SourceDate "2018.11.04"]
[SourceVersion "1"]
[SourceVersionDate "2018.11.04"]
[SourceQuality "1"]

1. e4 e5 2. Nf3 Nc6 3. Bc4 Bc5 4. c3 d6 5. d4 exd4 6. cxd4 Bb4+ 7. Bd2 Bxd2+ 8. Nbxd2 Nge7 9. d5 Ne5 10. Nxe5 dxe5 11. Qh5 Qd6 12. Bb5+ c6 13. dxc6 bxc6 14. Bc4 0-0 15. Rd1 Ng6 16. 0-0 Nf4 17. Qf3 Qg6 18. Qg3 Qf6 19. Nf3 Be6 20. Rd6 Bxc4 21. Rxf6 Ne2+ 22. Kh1 Nxg3+ 23. hxg3 gxf6 24. Rc1 Bb5 25. Nh4 Rac8 26. Nf5 Rc7 27. g4 c5 28. Kh2 Bd7 29. Ne3 Kg7 30. Kg3 Be6 31. b3 Rd8 32. Rc2 Rd4 33. f3 Rd3 34. Nf1 c4 35. Nd2 c3 36. Nb1 Rc6 37. Na3 Rd2 0-1

[Event "Rio de Janeiro Estadual-ch"]
[Site "Rio de Janeiro"]
[Date "2018.05.01"]
[Round "5"]
[White "Cifuentes Goncalves, Luiz Osvaldo"]
[Black "Da Cunha, Fabio Barbosa"]
[Result "0-1"]
[WhiteElo "1841"]
[BlackElo "2137"]
[PlyCount "72"]
[EventDate "2018.04.28"]
[EventType "swiss"]
[EventRounds "6"]
[EventCountry "BRA"]
[SourceTitle "CBM 184 Extra"]
[Source "ChessBase"]
[SourceDate "2018.06.28"]
[SourceVersion "1"]
[SourceVersionDate "2018.06.28"]
[SourceQuality "1"]

1. e4 c5 2. Nf3 g6 3. c4 Bg7 4. Nc3 Nc6 5. Be2 e5 6. 0-0 Nge7 7. Nd5 0-0 8. d3 d6 9. h3 f5 10. Bg5 h6 11. Bxe7 Nxe7 12. exf5 gxf5 13. Nxe7+ Qxe7 14. Qd2 Kh7 15. Rae1 Rg8 16. Bd1 Be6 17. b3 Bf6 18. Kh2 Rg6 19. Rg1 Rag8 20. Qe2 Qg7 21. Qf1 Bc8 22. Nd2 Bg5 23. Nb1 b6 24. Bf3 Bb7 25. Bxb7 Qxb7 26. Re2 f4 27. f3 Bh4 28. Nc3 Qd7 29. Ne4 Bg3+ 30. Kh1 Rf8 31. Qb1 a5 32. a3 Rf5 33. d4 cxd4 34. Qc2 Kg7 35. b4 Rh5 36. bxa5 d3 0-1

[Event "Rio de Janeiro Estadual-ch"]
[Site "Rio de Janeiro"]
[Date "2018.04.29"]
[Round "3"]
[White "Cifuentes Goncalves, Luiz Osvaldo"]
[Black "Okamura, Milton Kasuo"]
[Result "0-1"]
[WhiteElo "1841"]
[BlackElo "2039"]
[PlyCount "108"]
[EventDate "2018.04.28"]
[EventType "swiss"]
[EventRounds "6"]
[EventCountry "BRA"]
[SourceTitle "CBM 184 Extra"]
[Source "ChessBase"]
[SourceDate "2018.06.28"]
[SourceVersion "1"]
[SourceVersionDate "2018.06.28"]
[SourceQuality "1"]

1. e4 c5 2. Nf3 e6 3. d4 cxd4 4. Nxd4 Nc6 5. Nc3 Qc7 6. f4 a6 7. Nxc6 Qxc6 8. Bd3 Bc5 9. Qg4 Kf8 10. Qe2 b5 11. e5 f5 12. exf6 Nxf6 13. Ne4 Nxe4 14. Bxe4 Bb4+ 15. Bd2 Bxd2+ 16. Kxd2 Qd6+ 17. Ke1 Rb8 18. Rd1 Qb4+ 19. c3 Qc4 20. a3 Qxe2+ 21. Kxe2 Ke7 22. Rhe1 Bb7 23. Rd4 Bxe4 24. Rxe4 Rhf8 25. g3 Rf5 26. g4 Rc5 27. Kd3 g6 28. R1e3 Rf8 29. b4 Rc6 30. Rh3 Rf7 31. Rf3 d5 32. Re1 Kd6 33. h3 Kd7 34. a4 bxa4 35. Kd2 Rc4 36. f5 gxf5 37. gxf5 Rxf5 38. Rxf5 exf5 39. Re5 Kc6 40. Rxf5 Rh4 41. Rf6+ Kb5 42. Rd6 Rxh3 43. Rxd5+ Kc4 44. Ra5 Kb3 45. Rxa6 Rh5 46. b5 Rxb5 47. c4 Rg5 48. Rb6+ Kxc4 49. Kc2 Rg2+ 50. Kb1 h5 51. Ka1 Rg5 52. Ka2 h4 53. Ka3 Rh5 54. Kxa4 h3 0-1

[Event "Rio de Janeiro Estadual-ch"]
[Site "Rio de Janeiro"]
[Date "2018.04.28"]
[Round "1"]
[White "Cifuentes Goncalves, Luiz Osvaldo"]
[Black "Zacarias, Rodrigo Medeiros"]
[Result "0-1"]
[WhiteElo "1841"]
[BlackElo "2112"]
[PlyCount "72"]
[EventDate "2018.04.28"]
[EventType "swiss"]
[EventRounds "6"]
[EventCountry "BRA"]
[SourceTitle "CBM 184 Extra"]
[Source "ChessBase"]
[SourceDate "2018.06.28"]
[SourceVersion "1"]
[SourceVersionDate "2018.06.28"]
[SourceQuality "1"]

1. e4 c5 2. Nf3 d6 3. d4 cxd4 4. Nxd4 Nf6 5. Nc3 a6 6. Bg5 Nbd7 7. Qe2 Qa5 8. f4 h6 9. Nb3 Qc7 10. Bh4 e6 11. 0-0-0 Be7 12. g4 g5 13. fxg5 Nh7 14. Kb1 hxg5 15. Bg3 Ne5 16. Bxe5 dxe5 17. Qf3 b5 18. Qh3 Bd7 19. Qh5 Bf6 20. Qh3 Nf8 21. Qf3 Ke7 22. Bd3 Ng6 23. Ne2 a5 24. Rdf1 Nf4 25. Nxf4 exf4 26. h4 Rhg8 27. h5 a4 28. Nd2 a3 29. Be2 axb2 30. Qb3 Rgc8 31. Bd3 Qa5 32. e5 Bxe5 33. Ne4 Bc6 34. Rf3 Bd5 35. c4 bxc4 36. Bxc4 Bxc4 0-1

[Event "Rio de Janeiro Padua Memorial 2nd"]
[Site "Rio de Janeiro"]
[Date "2017.10.14"]
[Round "3"]
[White "Deus Filho, Joaquim"]
[Black "Cifuentes Goncalves, Luiz Osvaldo"]
[Result "1/2-1/2"]
[WhiteElo "1966"]
[BlackElo "1862"]
[PlyCount "83"]
[EventDate "2017.10.12"]
[EventType "swiss"]
[EventRounds "6"]
[EventCountry "BRA"]
[SourceTitle "CBM 181 Extra"]
[Source "ChessBase"]
[SourceDate "2017.12.12"]
[SourceVersion "1"]
[SourceVersionDate "2017.12.12"]
[SourceQuality "1"]

1. f4 d5 2. e3 g6 3. Nf3 Bg7 4. Be2 Nf6 5. 0-0 0-0 6. Ne5 c5 7. d3 Nc6 8. Nxc6 bxc6 9. Nd2 Qd6 10. Nf3 Nd7 11. Qe1 Rb8 12. Rb1 e5 13. Qh4 exf4 14. exf4 f5 15. Re1 Bb7 16. Bd2 Rbe8 17. Bf1 d4 18. Ng5 Nf6 19. Rxe8 Rxe8 20. Re1 Rxe1 21. Qxe1 Bc8 22. g3 h6 23. Nf3 Be6 24. Ne5 Kh7 25. Bc1 Nd5 26. Nc4 Qd7 27. Qa5 Qe7 28. a3 Bf7 29. Kf2 Nf6 30. Ne5 Bd5 31. h3 g5 32. Bg2 gxf4 33. gxf4 Nh5 34. Bxd5 Qh4+ 35. Ke2 cxd5 36. Qxc5 Nxf4+ 37. Bxf4 Qxf4 38. Nd7 Qe3+ 39. Kd1 Qxh3 40. Qxd5 Qf1+ 41. Kd2 h5 42. Qf7 1/2-1/2

[Event "Rio de Janeiro Andrade Memorial 1st"]
[Site "Rio de Janeiro"]
[Date "2017.06.18"]
[Round "5"]
[White "Pereira, Marcos Luciano"]
[Black "Cifuentes Goncalves, Luiz Osvaldo"]
[Result "0-1"]
[WhiteElo "1742"]
[BlackElo "1844"]
[PlyCount "102"]
[EventDate "2017.06.15"]
[EventType "swiss"]
[EventRounds "6"]
[EventCountry "BRA"]
[SourceTitle "EXT 2018"]
[Source "ChessBase"]
[SourceDate "2017.10.13"]
[SourceVersion "1"]
[SourceVersionDate "2017.10.13"]
[SourceQuality "1"]

1. e4 c5 2. Nf3 e6 3. Be2 Nc6 4. Nc3 g6 5. d3 Bg7 6. Bd2 Nge7 7. Qc1 d5 8. exd5 exd5 9. Bh6 0-0 10. Bxg7 Kxg7 11. Qd2 a6 12. 0-0 Nf5 13. Rfe1 h6 14. Bf1 Be6 15. Ne2 Qf6 16. c3 g5 17. d4 c4 18. Ng3 Qg6 19. Ne5 Nxe5 20. Rxe5 Nxg3 21. hxg3 Rad8 22. b3 b5 23. a4 Ra8 24. axb5 axb5 25. Rxa8 Rxa8 26. bxc4 bxc4 27. f4 gxf4 28. gxf4 Ra1 29. f5 Bxf5 30. Re1 Qa6 31. Qe3 Rxe1 32. Qxe1 Be4 33. Qg3+ Qg6 34. Qe5+ Qf6 35. Qg3+ Qg5 36. Qe1 h5 37. g3 f5 38. Kh2 Kh7 39. Qa1 f4 40. Qa7+ Kh6 41. Qb6+ Bg6 42. gxf4 Qxf4+ 43. Kg2 Qd2+ 44. Kg1 Qxc3 45. Qf6 Qg3+ 46. Bg2 h4 47. Qh8+ Kg5 48. Qd8+ Kf4 49. Qxd5 c3 50. Qe5+ Kg4 51. Kh1 Qxe5 0-1

[Event "Rio de Janeiro Cortinhas Memorial 1st"]
[Site "Rio de Janeiro"]
[Date "2017.04.23"]
[Round "5"]
[White "Almeida, Gianluca Jorio"]
[Black "Cifuentes Goncalves, Luiz Osvaldo"]
[Result "1-0"]
[WhiteElo "1988"]
[BlackElo "1826"]
[PlyCount "65"]
[EventDate "2017.04.21"]
[EventType "swiss"]
[EventRounds "6"]
[EventCountry "BRA"]
[SourceTitle "CBM 178 Extra"]
[Source "ChessBase"]
[SourceDate "2017.06.22"]
[SourceVersion "1"]
[SourceVersionDate "2017.06.22"]
[SourceQuality "1"]

1. c4 Nf6 2. Nc3 g6 3. d4 d5 4. cxd5 Nxd5 5. e4 Nxc3 6. bxc3 Bg7 7. Bc4 0-0 8. Ne2 c5 9. 0-0 Nc6 10. Be3 Na5 11. Bd3 c4 12. Bc2 b6 13. Qd2 Re8 14. f4 e6 15. f5 exf5 16. exf5 Qe7 17. Rf3 Bb7 18. Rh3 Rad8 19. Re1 Be4 20. Bg5 f6 21. Ng3 fxg5 22. Rxe4 Qf6 23. fxg6 hxg6 24. Qe3 Rxe4 25. Nxe4 Qf4 26. Nxg5 Qxe3+ 27. Rxe3 Nc6 28. Bxg6 Nxd4 29. Bf7+ Kf8 30. cxd4 Bxd4 31. Ne6+ Kxf7 32. Nxd8+ Kf6 33. Kf2 1-0

[Event "Praia do Morro Guarapari op"]
[Site "Praia do Morro"]
[Date "2017.04.15"]
[Round "3"]
[White "Cifuentes Goncalves, Luiz Osvaldo"]
[Black "Bortoloso, Moacir Canella"]
[Result "1/2-1/2"]
[WhiteElo "1826"]
[BlackElo "2110"]
[PlyCount "73"]
[EventDate "2017.04.14"]
[EventType "swiss"]
[EventRounds "6"]
[EventCountry "BRA"]
[SourceTitle "CBM 177 Extra"]
[Source "ChessBase"]
[SourceDate "2017.04.27"]
[SourceVersion "1"]
[SourceVersionDate "2017.04.27"]
[SourceQuality "1"]

1. e4 c5 2. Nf3 e6 3. d4 cxd4 4. Nxd4 Nc6 5. Nc3 Qc7 6. f4 a6 7. Nb3 Bb4 8. Bd2 Nge7 9. Qg4 Ng6 10. 0-0-0 b6 11. Kb1 Bb7 12. g3 0-0-0 13. Bg2 Kb8 14. Qe2 Rhe8 15. a3 Bf8 16. Be3 Nge7 17. Qf2 Nc8 18. Na4 Ka7 19. Rd3 d6 20. Rhd1 Rd7 21. c4 Red8 22. e5 Nb8 23. Na5 Bxg2 24. Qxg2 dxe5 25. Rxd7 Rxd7 26. Rxd7 Qxd7 27. fxe5 Be7 28. Qe4 Bd8 29. c5 Qd5 30. cxb6+ Nxb6 31. Qxd5 exd5 32. Kc2 Bc7 33. Kd3 N8d7 34. Nc6+ Kb7 35. Na5+ Ka7 36. Nc6+ Kb7 37. Na5+ 1/2-1/2

[Event "Joao Pessoa Fischer Memorial 8th"]
[Site "Joao Pessoa"]
[Date "2017.03.17"]
[Round "2"]
[White "Cifuentes Goncalves, Luiz Osvaldo"]
[Black "Da Costa, Aloysio"]
[Result "1-0"]
[WhiteElo "1840"]
[BlackElo "1498"]
[PlyCount "103"]
[EventDate "2017.03.17"]
[EventType "swiss"]
[EventRounds "6"]
[EventCountry "BRA"]
[SourceTitle "CBM 177 Extra"]
[Source "ChessBase"]
[SourceDate "2017.04.27"]
[SourceVersion "1"]
[SourceVersionDate "2017.04.27"]
[SourceQuality "1"]

1. e4 d6 2. d4 Nf6 3. Nc3 g6 4. Be3 Bg7 5. h3 c6 6. f4 Qa5 7. Bd3 Na6 8. a3 b5 9. b4 Qd8 10. Nge2 Nc7 11. Qd2 a6 12. 0-0 0-0 13. Rad1 e6 14. e5 Nfd5 15. Ne4 dxe5 16. dxe5 Nxe3 17. Qxe3 Nd5 18. Qf3 Qb6+ 19. Nc5 a5 20. c3 axb4 21. axb4 Ra3 22. Ra1 Qa7 23. Rxa3 Qxa3 24. Rc1 Bh6 25. Qf1 Rd8 26. Ra1 Qb2 27. Rb1 Qd2 28. Rd1 Qe3+ 29. Qf2 Bxf4 30. Nxf4 Qxf2+ 31. Kxf2 Nxf4 32. h4 Rd5 33. Kf3 Nh5 34. g4 Ng7 35. Ra1 Ne8 36. Ra8 Rd8 37. Be4 f5 38. Bxc6 fxg4+ 39. Kxg4 Nc7 40. Rb8 Rf8 41. Bxb5 Nd5 42. Bd7 Bxd7 43. Rxf8+ Kxf8 44. Nxd7+ Kg7 45. b5 Ne3+ 46. Kf3 Nc4 47. b6 Na5 48. Nc5 Kf7 49. b7 Nc6 50. Nd7 Ke7 51. b8Q Nxb8 52. Nxb8 1-0

[Event "Florianopolis op 3rd"]
[Site "Florianopolis"]
[Date "2017.01.23"]
[Round "5"]
[White "Cifuentes Goncalves, Luiz Osvaldo"]
[Black "Campos, Igor Ribeiro"]
[Result "1/2-1/2"]
[WhiteElo "1832"]
[BlackElo "2152"]
[PlyCount "128"]
[EventDate "2017.01.20"]
[EventType "swiss"]
[EventRounds "10"]
[EventCountry "BRA"]
[SourceTitle "CBM 176 Extra"]
[Source "ChessBase"]
[SourceDate "2017.03.02"]
[SourceVersion "1"]
[SourceVersionDate "2017.03.02"]
[SourceQuality "1"]

1. e4 e6 2. d4 d5 3. Nc3 Nf6 4. Bg5 Be7 5. e5 Nfd7 6. Bxe7 Qxe7 7. f4 0-0 8. Bd3 c5 9. Nb5 Nc6 10. Nf3 f6 11. 0-0 a6 12. Nd6 cxd4 13. Nxc8 Raxc8 14. exf6 gxf6 15. a3 Rce8 16. Nh4 Nc5 17. Rf3 Rf7 18. Rg3+ Rg7 19. Bxh7+ Kxh7 20. Qh5+ Kg8 21. Ng6 Qc7 22. Qh8+ Kf7 23. Ne5+ Ke7 24. Rxg7+ Kd6 25. Rxc7 Rxh8 26. Nf7+ Kxc7 27. Nxh8 e5 28. fxe5 fxe5 29. Ng6 d3 30. cxd3 Nxd3 31. b4 Nd4 32. h4 e4 33. h5 Ne6 34. h6 Ng5 35. Kf1 d4 36. Ke2 Kd6 37. g3 Nb2 38. Rc1 b5 39. Nf4 d3+ 40. Nxd3 exd3+ 41. Ke3 Kd7 42. Rh1 Nh7 43. Rh5 Ke6 44. g4 Nc4+ 45. Kxd3 Ne5+ 46. Kd4 Nxg4 47. Kc5 Ne3 48. Kb6 Nc4+ 49. Kxa6 Nxa3 50. Rh3 Nc2 51. Kxb5 Kf6 52. Ka4 Nxb4 53. Kxb4 Kg6 54. Rh1 Nf6 55. Kc4 Kh7 56. Kd4 Ng4 57. Kd5 Nxh6 58. Rg1 Kh8 59. Ke6 Kh7 60. Rg2 Ng8 61. Rf2 Kg6 62. Rf7 Nh6 63. Rf4 Kg5 64. Rf8 Kg6 1/2-1/2